Statistiques concernant Chansons de Timal

Cliquez ici pour prendre le quiz!

Statistiques générales

  • Ce quiz a été pris 42 fois
  • Le résultat moyen est 46 sur 116

Statistiques - réponses

AlbumChanson% Correct
Hors albumLa 6
78%
Hors albumLa 7
78%
Hors albumLa 8
78%
CalienteCaliente
75%
Hors albumLa 1
75%
Hors albumLa 12
75%
Hors albumLa 4
75%
Hors albumLa 5
75%
Trop chaudLa 9
75%
Hors albumLa 11
72%
CalienteLa 13
72%
ArèsLa 14
72%
Hors albumLa 2
72%
Hors albumLa 3
72%
Hors albumLa 10
69%
ArèsLa 15
69%
Trop chaudTrop chaud
69%
Trop chaudArrivant
66%
Trop chaudMaria
59%
Feat BenabRS3
59%
Hors albumVatos
59%
Trop chaudLyca
56%
Feat Benab & KofsRS4
56%
Trop chaudSuarez
56%
CalienteAilleurs
53%
Trop calienteAilleurs (Olivier Ryon Remix)
53%
CalienteCopilote
53%
Trop chaudDans la ville
53%
Trop chaudTimal
53%
Trop chaudCartel
50%
CalienteRoutine
50%
Feat PLKToute l'année
50%
CalienteTu me connais
50%
ArèsCaméléon
47%
CalienteDisponible
47%
ArèsLa beu beu
47%
Trop chaudMagma
47%
Trop chaudRien de nouveau
47%
CalienteWeek-end
47%
Caliente | Hors albumCavaler
44%
ArèsFiltré
44%
CalienteSouvenirs
44%
Hors album4ème rapport
41%
Trop chaudDu rire aux larmes
41%
ArèsInterlude
41%
Trop chaudPirate
41%
CalienteSale
41%
CalienteTBA
41%
CalienteVida
41%
Hors album2ème rapport
38%
Hors album3ème rapport
38%
Hors album5ème rapport
38%
Hors album6ème rapport
38%
Feat RK & AlonzoBillie Jean
38%
Feat Badjer & BoumsoOverdose
38%
CalientePromis
38%
CalienteSmile
38%
Feat CarbozoTir du Brazil
38%
ArèsBruce Wayne
34%
Trop calienteGang
34%
Trop chaudJe sais
34%
Trop calienteBouteille
31%
ArèsFuego
31%
CalienteJour de paye
31%
Trop chaudLa zone
31%
ArèsLe son de ma rue
31%
CalienteLe temps passe
31%
ArèsNos vies
31%
ArèsOne Shot
31%
Feat YLPas pareil
31%
Trop calienteSemaine
31%
Feat UZI & ISKT'abuses
31%
CalienteAllo
28%
Trop calienteComme pablo
28%
Feat ISKLaisse tomber
28%
CalienteLa maille
28%
ArèsLa popo
28%
Feat KazaLa vie de rêve
28%
ArèsNavré
28%
ArèsPetit bateau
28%
ArèsRoulette russe
28%
ArèsSales idées
28%
Feat C.O.R#Sixiemeoinj
28%
Le classico organiséA la rue marié
25%
CalienteBanal
25%
Art de RueBresom
25%
CalienteCharbonner
25%
ArèsJeunes et ambitieux
25%
Feat AM La ScampiaJolie poupée
25%
Feat BoumsoNuit
25%
Trop calienteSi vite
25%
Feat MomsiiTard la night
25%
Trop calienteAmis ou ennemis
22%
Trop calienteC'est la rue
22%
Trop calienteMuerte
22%
ArèsNotif
22%
Hors albumOmar
22%
Hors albumStory
22%
Trop calienteTous les jours
22%
ArèsYSL
22%
Feat BoumsoDanger
19%
Feat La MalfrappeDans ma folie
19%
Feat Sofiane et YLDis-moi où tu pécho
19%
Trop calienteR.A.S
19%
Trop calienteRefait
19%
CalienteT'es où ?
19%
Feat BadjerTrafiquante
19%
Feat JahyanaiWhine it
19%
Feat KoreCramé
16%
Feaf TiitofOuuw
16%
Feat RimkusDans la city
13%
Feat capitaine roshiFast life
13%
Hors albumPremier rapport
13%
Feat BramsitoSolo
13%
Hors album (freestyle)Freestyle Tarmac
6%

Distribution des résultats

Percentile par nombre de réponses

% des personnes avec chaque résultat

Votre développement - résultats

Vous n’avez pas pris ce quiz